| 000 | 01310nac a22003611u 4500 | ||
|---|---|---|---|
| 003 | EG-ScBUE | ||
| 005 | 20220807105713.0 | ||
| 008 | 200219s2009 enka f 000 0 eng d | ||
| 020 | _a0194570657 | ||
| 020 | _a9780194570657 | ||
| 040 |
_aEG-ScBUE _beng _erda _cEG-ScBUE _dEG-ScBUE |
||
| 082 | 0 | 4 |
_a428.34 _bCOM _222 |
| 100 | 1 |
_aComfort, Jeremy, _eauthor. _935937 |
|
| 245 | 1 | 0 |
_aEffective presentations : _cJeremy Comfort, York Associates. |
| 250 | _aReprinted edition. | ||
| 264 | 1 |
_aOxford ; _aNew York : _bOxford University Press, _c2009. |
|
| 300 |
_a80 pages : _billustrations (some color) ; _c24 cm. |
||
| 336 |
_2rdacontent _atext _btxt |
||
| 337 |
_2rdamedia _aunmediated _bn |
||
| 338 |
_2rdacarrier _avolume _bnc |
||
| 490 | 0 | _aOxford business English skills | |
| 500 | _aDistributer: Al-Ahram | ||
| 520 | _aThis video-based course focuses on the main skills involved in giving presentations in English, from starting and concluding to using visual aids and handling questions. | ||
| 538 | _aVHS. | ||
| 650 | 7 |
_aBusiness presentations. _2BUEsh |
|
| 650 | 7 |
_aPublic speaking. _2BUEsh |
|
| 650 | 7 |
_aEnglish language _xBusiness English. _2BUEsh |
|
| 651 | _2BUEsh | ||
| 653 | _bHHUUEENN | ||
| 655 |
_vReading book _934232 |
||
| 710 | 2 |
_aYork Associates, _eauthor. |
|
| 942 |
_cBB _2ddc |
||
| 999 |
_c9627 _d9627 |
||